<?xml version="1.0" encoding="UTF-8"?><?xml-stylesheet type="text/xsl" href="static/style.xsl"?><OAI-PMH xmlns="http://www.openarchives.org/OAI/2.0/" xmlns:xsi="http://www.w3.org/2001/XMLSchema-instance" xsi:schemaLocation="http://www.openarchives.org/OAI/2.0/ http://www.openarchives.org/OAI/2.0/OAI-PMH.xsd"><responseDate>2026-04-13T00:09:41Z</responseDate><request verb="GetRecord" identifier="oai:www.recercat.cat:2072/399467" metadataPrefix="marc">https://recercat.cat/oai/request</request><GetRecord><record><header><identifier>oai:recercat.cat:2072/399467</identifier><datestamp>2026-03-05T23:00:34Z</datestamp><setSpec>com_2072_98</setSpec><setSpec>col_2072_378192</setSpec></header><metadata><record xmlns="http://www.loc.gov/MARC21/slim" xmlns:dcterms="http://purl.org/dc/terms/" xmlns:xsi="http://www.w3.org/2001/XMLSchema-instance" xmlns:doc="http://www.lyncode.com/xoai" xsi:schemaLocation="http://www.loc.gov/MARC21/slim http://www.loc.gov/standards/marcxml/schema/MARC21slim.xsd">
   <leader>00925njm 22002777a 4500</leader>
   <datafield ind2=" " ind1=" " tag="042">
      <subfield code="a">dc</subfield>
   </datafield>
   <datafield ind2=" " ind1=" " tag="720">
      <subfield code="a">Vicens Batet, Enric</subfield>
      <subfield code="e">author</subfield>
   </datafield>
   <datafield ind2=" " ind1=" " tag="720">
      <subfield code="a">Oms, Oriol</subfield>
      <subfield code="e">author</subfield>
   </datafield>
   <datafield ind2=" " ind1=" " tag="260">
      <subfield code="c">2001</subfield>
   </datafield>
   <datafield ind2=" " ind1=" " tag="520">
      <subfield code="a">Bajo el término fósil, se agrupan gran cantidad de evidencias materiales de la vida en el pasado. Generalmente, de los organismos fosilizados únicamente se conservan las partes duras, esqueléticas, por ser más resistentes a la destrucción. Pero además de los restos de organismos, también son fósiles las evidencias de la actividad orgánica, ya sean cuerpos materiales (huevos, polen, semillas, excrementos, .) o marcas como pisadas, pistas, madrigueras, etc,. Los fósiles nos permiten comprender la vida en el pasado (evolución de las especies, datación de los sedimentos que los contienen, estudios paleoclimáticos, etc.). Son varios los mecanismos que permiten que un organismo (o una de sus partes) fosilice.</subfield>
   </datafield>
   <datafield ind2=" " ind1=" " tag="520">
      <subfield code="a">Under the term fossil we gather a large amount of material evidences of life in the past. Generally only the tough (skeletal) parts of the fossilized organisms are preserved because they are more resistant to destruction. Apart from organism s remains, the evidences of organic activity are also fossils, being material bodies (eggs, pollen, seeds, defecations) or marks such as footprints, tracks, nests etc,. Fossils allow us to understand life in the past (species evolution, datation of the sediments where are found, paleoclimatic studies .). Several mechanisms permit an organism (or its parts) to be fossilized.</subfield>
   </datafield>
   <datafield tag="653" ind2=" " ind1=" ">
      <subfield code="a">Fòssils</subfield>
   </datafield>
   <datafield tag="653" ind2=" " ind1=" ">
      <subfield code="a">Paleontologia</subfield>
   </datafield>
   <datafield tag="653" ind2=" " ind1=" ">
      <subfield code="a">Fósil</subfield>
   </datafield>
   <datafield tag="653" ind2=" " ind1=" ">
      <subfield code="a">Fossil</subfield>
   </datafield>
   <datafield tag="653" ind2=" " ind1=" ">
      <subfield code="a">Paleontology</subfield>
   </datafield>
   <datafield ind2="0" ind1="0" tag="245">
      <subfield code="a">Los fósiles : qué son y para qué sirven</subfield>
   </datafield>
</record></metadata></record></GetRecord></OAI-PMH>